[Event "Hessenliga 1011"]
[Site "Germany"]
[Date "2010.12.12"]
[Round "4.4"]
[White "Wurm, Michael"]
[Black "Dittmann, Moritz"]
[Result "0-1"]
[WhiteElo "2137"]
[BlackElo "2107"]
[PlyCount "52"]
[EventDate "2010.09.26"]
[EventType "team-tourn"]
[EventRounds "9"]
[EventCountry "GER"]
[SourceTitle "EXT 2012"]
[Source "ChessBase"]
[SourceDate "2011.11.24"]
[SourceVersion "1"]
[SourceVersionDate "2011.11.24"]
[SourceQuality "1"]
[WhiteTeam "Bad Nauheim"]
[BlackTeam "Hofheim II"]
[WhiteTeamCountry "GER"]
[BlackTeamCountry "GER"]

1. e4 c5 2. Nc3 d6 3. f4 g6 4. Nf3 Bg7 5. Bc4 Nc6 6. Bb5 Bd7 7. Bxc6 Bxc6 8. d3 e6 9. 0-0 Ne7 10. Qe1 0-0 11. Qh4 Qd7 12. f5 exf5 13. Bh6 fxe4 14. dxe4 f6 15. Rad1 Rae8 16. Bxg7 Kxg7 17. Qg3 Nc8 18. Rfe1 Re6 19. Nd5 Rfe8 20. Nf4 Rxe4 21. Nh5+ Kf7 22. Ng5+ fxg5 23. Rf1+ Rf4 24. Qxg5 Rf5 25. g4 Rg8 26. gxf5 gxh5 0-1

[Event "Hessenliga 0910"]
[Site "Germany"]
[Date "2009.11.01"]
[Round "3.7"]
[White "Nimsch, Helmut"]
[Black "Dittmann, Moritz"]
[Result "1/2-1/2"]
[WhiteElo "2077"]
[BlackElo "2107"]
[PlyCount "82"]
[EventDate "2009.09.20"]
[EventType "team-tourn"]
[EventRounds "9"]
[EventCountry "GER"]
[SourceTitle "EXT 2011"]
[Source "ChessBase"]
[SourceDate "2010.11.26"]
[SourceVersion "1"]
[SourceVersionDate "2010.11.26"]
[SourceQuality "1"]
[WhiteTeam "Frankfurt BvK II"]
[BlackTeam "Hofheim II"]
[WhiteTeamCountry "GER"]
[BlackTeamCountry "GER"]

1. d4 d5 2. c4 c6 3. Nc3 e6 4. Nf3 Nf6 5. Bg5 h6 6. Bxf6 Qxf6 7. e3 Nd7 8. Rc1 g6 9. Bd3 dxc4 10. Bxc4 Qe7 11. 0-0 Bg7 12. e4 Nf6 13. e5 Nd7 14. Ne4 0-0 15. Bb3 Rd8 16. Qe2 Nb6 17. Nd6 Rb8 18. Rfd1 Bd7 19. Nd2 Nc8 20. N2e4 Nxd6 21. Nxd6 Bf8 22. Ne4 Bg7 23. Nd6 Bf8 24. Rc3 Be8 25. Rg3 Qc7 26. Qe3 Bxd6 27. exd6 Qxd6 28. Qxh6 Qf8 29. Qg5 Rd7 30. h4 Rbd8 31. h5 Rxd4 32. Rxd4 Rxd4 33. hxg6 fxg6 34. Bxe6+ Kg7 35. Qe5+ Qf6 36. Qc7+ Bf7 37. Bb3 Qf4 38. Qxb7 Qc1+ 39. Kh2 Rh4+ 40. Rh3 Qf4+ 41. Kg1 Qc1+ 1/2-1/2

[Event "Karl Mala Memorial op 11th"]
[Site "Frankfurt"]
[Date "2008.06.27"]
[Round "2"]
[White "Dittmann, Moritz"]
[Black "Koch, Markus"]
[Result "0-1"]
[WhiteElo "2084"]
[BlackElo "1952"]
[PlyCount "50"]
[EventDate "2008.06.26"]
[EventType "swiss"]
[EventRounds "7"]
[EventCountry "GER"]
[SourceTitle "CBM 125 Extra"]
[Source "ChessBase"]
[SourceDate "2008.09.01"]
[SourceVersion "1"]
[SourceVersionDate "2008.09.01"]
[SourceQuality "1"]

1. e4 g6 2. d4 d6 3. Be3 Nf6 4. Nc3 c6 5. Qd2 b5 6. Bd3 Nbd7 7. Nf3 Qc7 8. h3 a6 9. Ne2 e5 10. dxe5 dxe5 11. Ng3 Bb7 12. 0-0 Rd8 13. a4 Nc5 14. axb5 cxb5 15. Qc3 Bd6 16. Bg5 Qe7 17. Nh4 Bc8 18. f4 b4 19. Qd2 h6 20. Bxf6 Qxf6 21. Nf3 Qxf4 22. Qxf4 exf4 23. Ne2 g5 24. Ned4 Nxd3 25. cxd3 Bc5 0-1

[Event "GER-chT U20"]
[Site "Kelheim"]
[Date "2007.12.28"]
[Round "3.2"]
[White "Kirch, Daniel"]
[Black "Dittmann, Moritz"]
[Result "0-1"]
[WhiteElo "2004"]
[BlackElo "1901"]
[PlyCount "36"]
[EventDate "2007.12.27"]
[EventType "team-swiss"]
[EventRounds "7"]
[EventCountry "GER"]
[SourceTitle "EXT 2022"]
[Source "ChessBase"]
[SourceDate "2021.10.06"]
[SourceVersion "1"]
[SourceVersionDate "2021.10.06"]
[SourceQuality "1"]
[WhiteTeam "Grossenseebach U20"]
[BlackTeam "Hofheim U20"]
[WhiteTeamCountry "GER"]
[BlackTeamCountry "GER"]

1. d4 d5 2. c4 e6 3. Nc3 c6 4. Nf3 Nf6 5. Bg5 h6 6. Bh4 dxc4 7. e4 g5 8. Bg3 b5 9. e5 Nd5 10. Nd2 Bb7 11. Nde4 Nd7 12. Be2 Qb6 13. 0-0 c5 14. dxc5 Bxc5 15. a4 Nxc3 16. Nxc3 Rd8 17. Nxb5 Nxe5 18. Qc2 Qc6 0-1

[Event "Karl Mala Memorial op 09th"]
[Site "Frankfurt"]
[Date "2005.07.29"]
[Round "3"]
[White "Noble, Fabian"]
[Black "Dittmann, Moritz"]
[Result "1-0"]
[WhiteElo "2051"]
[BlackElo "1730"]
[PlyCount "61"]
[EventDate "2005.07.28"]
[EventType "swiss"]
[EventRounds "7"]
[EventCountry "GER"]
[SourceTitle "EXT 2006"]
[Source "ChessBase"]
[SourceDate "2005.11.24"]
[SourceVersion "1"]
[SourceVersionDate "2005.11.24"]
[SourceQuality "1"]

1. e4 c5 2. d4 cxd4 3. c3 dxc3 4. Nxc3 Nc6 5. Bc4 Nf6 6. Nf3 d6 7. h3 e6 8. 0-0 Be7 9. Qe2 0-0 10. Rd1 a6 11. Bf4 Qc7 12. a3 b5 13. Ba2 Bb7 14. Rac1 Rfd8 15. Ng5 Qb6 16. Be3 Qc7 17. f4 h6 18. Nf3 Rac8 19. f5 d5 20. exd5 exd5 21. Nxd5 Nxd5 22. Bxd5 Qb8 23. Bf2 Bf6 24. Bxf7+ Kxf7 25. Qe6+ Kf8 26. Bc5+ Ne7 27. Rxd8+ Rxd8 28. Bxe7+ Bxe7 29. Ne5 Bc5+ 30. Rxc5 Rd1+ 31. Kf2 1-0

[Event "Hessen-ch U16"]
[Site "Bad Homburg"]
[Date "2005.??.??"]
[Round "8"]
[White "Dittmann, Moritz"]
[Black "Gonnermann, Jan"]
[Result "0-1"]
[WhiteElo "1433"]
[BlackElo "1587"]
[PlyCount "94"]
[EventDate "2005.04.??"]
[EventType "swiss"]
[EventRounds "8"]
[EventCountry "GER"]
[SourceTitle "EXT 2007"]
[Source "ChessBase"]
[SourceDate "2006.11.23"]
[SourceVersion "1"]
[SourceVersionDate "2006.11.23"]
[SourceQuality "1"]

1. e4 c5 2. Nf3 d6 3. d4 cxd4 4. Nxd4 Nf6 5. Nc3 g6 6. Be3 Bg7 7. f3 0-0 8. Qd2 Nc6 9. 0-0-0 Nxd4 10. Bxd4 Be6 11. Kb1 Qc7 12. h4 Rfc8 13. h5 Qa5 14. hxg6 fxg6 15. g4 Bf7 16. g5 Nh5 17. Bxg7 Kxg7 18. f4 Rab8 19. Be2 Rxc3 20. Qxc3+ Qxc3 21. bxc3 Nxf4 22. Bg4 Be6 23. Rdf1 Bxg4 24. Rxf4 Be6 25. a3 Rc8 26. Rf3 Rc5 27. Rg3 Re5 28. Re1 Bf5 29. Rge3 Bg4 30. Kc1 Rxg5 31. e5 dxe5 32. Rxe5 Rxe5 33. Rxe5 Kf6 34. Rc5 Bf3 35. Kd2 e5 36. Rc8 Bc6 37. Ke3 Kg5 38. Rc7 h5 39. Rf7 h4 40. Kf2 Kg4 41. Kg1 g5 42. Kh2 e4 43. Re7 Kf3 44. Rf7+ Ke2 45. Rg7 e3 46. Rxg5 Kd2 47. Re5 e2 0-1

[Event "Hessen-ch U16"]
[Site "Bad Homburg"]
[Date "2005.??.??"]
[Round "2"]
[White "Dittmann, Moritz"]
[Black "Lee Choon, Keat"]
[Result "0-1"]
[WhiteElo "1433"]
[BlackElo "1886"]
[PlyCount "126"]
[EventDate "2005.04.??"]
[EventType "swiss"]
[EventRounds "8"]
[EventCountry "GER"]
[SourceTitle "EXT 2007"]
[Source "ChessBase"]
[SourceDate "2006.11.23"]
[SourceVersion "1"]
[SourceVersionDate "2006.11.23"]
[SourceQuality "1"]

1. e4 c5 2. Nf3 d6 3. d4 cxd4 4. Nxd4 Nf6 5. Nc3 a6 6. Bc4 e6 7. Bb3 Be7 8. 0-0 0-0 9. Qf3 Qc7 10. Qg3 Kh8 11. Be3 Nc6 12. Rad1 b5 13. Nxc6 Qxc6 14. f3 Bb7 15. Rd2 Rad8 16. Rfd1 Nd7 17. Kh1 Nb6 18. Bf4 e5 19. Bg5 Bxg5 20. Qxg5 Nc4 21. Bxc4 Qxc4 22. Qe7 b4 23. Rxd6 Rde8 24. Qxb7 bxc3 25. bxc3 Qxc3 26. Qb3 Qa5 27. Rd7 Kg8 28. h3 Rb8 29. Qd5 Qc3 30. Qd6 Qxc2 31. Qxb8 Qxd1+ 32. Rxd1 Rxb8 33. Rd6 Ra8 34. Kg1 Kf8 35. Kf2 Ke7 36. Rb6 a5 37. Rb5 Kd6 38. Ke3 Ra7 39. Kd3 f6 40. Kc4 Kc6 41. Rd5 Ra8 42. a3 Ra7 43. Rc5+ Kb6 44. Rb5+ Kc6 45. Rc5+ Kb6 46. Rb5+ Ka6 47. Rc5 Rd7 48. Rd5 Rxd5 49. exd5 Kb6 50. a4 g6 51. d6 Kc6 52. d7 Kxd7 53. Kb5 Kd6 54. Kxa5 Kc5 55. Ka6 f5 56. a5 e4 57. Kb7 e3 58. a6 e2 59. a7 e1Q 60. a8Q Qe7+ 61. Kb8 Qd8+ 62. Kb7 Qd7+ 63. Kb8 Kb6 0-1

[Event "Hessen-ch U16"]
[Site "Bad Homburg"]
[Date "2005.??.??"]
[Round "4"]
[White "Scheunemann, Tim"]
[Black "Dittmann, Moritz"]
[Result "0-1"]
[WhiteElo "1635"]
[BlackElo "1433"]
[PlyCount "136"]
[EventDate "2005.04.??"]
[EventType "swiss"]
[EventRounds "8"]
[EventCountry "GER"]
[SourceTitle "EXT 2007"]
[Source "ChessBase"]
[SourceDate "2006.11.23"]
[SourceVersion "1"]
[SourceVersionDate "2006.11.23"]
[SourceQuality "1"]

1. Nf3 Nf6 2. b4 d5 3. e3 Bg4 4. Be2 e6 5. a3 Bd6 6. Bb2 0-0 7. 0-0 Nbd7 8. d4 a5 9. b5 Rc8 10. Nbd2 c5 11. dxc5 Nxc5 12. c4 dxc4 13. Nxc4 Bc7 14. Bd4 Qe7 15. Nfe5 Bxe2 16. Qxe2 Nb3 17. Rab1 Nxd4 18. exd4 Nd5 19. Qb2 f6 20. Nf3 Bxh2+ 21. Kxh2 Rxc4 22. Rfe1 Qc7+ 23. Kg1 Re8 24. b6 Qc6 25. Qb5 Rc8 26. Qxa5 Ra4 27. Qd2 Rxa3 28. Rbc1 Rc3 29. Rxc3 Nxc3 30. Qe3 Qxb6 31. Qxe6+ Qxe6 32. Rxe6 Rb8 33. Rb6 Kf7 34. Kf1 Ke7 35. Nd2 Kd7 36. Nc4 Kc7 37. Re6 Nd5 38. Ne3 Kd7 39. Re4 Nxe3+ 40. fxe3 b5 41. Rh4 b4 42. Ke2 b3 43. Rh1 b2 44. Rb1 Ke6 45. Kd3 f5 46. Kc3 Kd5 47. Rxb2 Rxb2 48. Kxb2 f4 49. Kc3 fxe3 50. Kd3 e2 51. Kxe2 Kxd4 52. Kf3 Kd3 53. Kf4 Ke2 54. g4 Kf2 55. g5 g6 56. Kg4 Ke3 57. Kg3 Ke4 58. Kg4 Ke5 59. Kg3 Kf5 60. Kh4 Kf4 61. Kh3 Kxg5 62. Kg3 h6 63. Kf3 Kh4 64. Kg2 Kg4 65. Kh2 Kf3 66. Kh3 g5 67. Kh2 g4 68. Kh1 Kg3 0-1

[Event "Karl Mala Memorial op 08th"]
[Site "Frankfurt"]
[Date "2004.07.25"]
[Round "6"]
[White "Pruefert, Franziska"]
[Black "Dittmann, Moritz"]
[Result "0-1"]
[WhiteElo "1015"]
[BlackElo "1569"]
[PlyCount "94"]
[EventDate "2004.07.22"]
[EventType "swiss"]
[EventRounds "7"]
[EventCountry "GER"]
[SourceTitle "EXT 2005"]
[Source "ChessBase"]
[SourceDate "2004.11.15"]
[SourceVersion "1"]
[SourceVersionDate "2004.11.15"]
[SourceQuality "1"]

1. c4 e5 2. Nc3 Nf6 3. d3 Bb4 4. Bd2 d5 5. cxd5 Nxd5 6. Ne4 Nc6 7. g3 0-0 8. Nf3 Bg4 9. Bg2 Qe7 10. 0-0 Rad8 11. a3 Bxd2 12. Qxd2 Bxf3 13. Bxf3 Nd4 14. Nc3 Nxc3 15. Qxc3 Nxf3+ 16. exf3 Rd4 17. Rad1 Rfd8 18. Rfe1 c5 19. Re4 b6 20. Kg2 f6 21. h4 Qd7 22. Rxd4 Qxd4 23. Qb3+ Qd5 24. Qb5 Qf7 25. a4 Qd7 26. Qa6 Qc7 27. Qc4+ Kf8 28. b4 Rd4 29. Qc2 Rxb4 30. h5 h6 31. Rc1 Qd7 32. d4 Rxd4 33. Qh7 Qf7 34. Qf5 Rd7 35. a5 Ke7 36. f4 Qd5+ 37. Kh2 exf4 38. Re1+ Kd8 39. Qxf4 Rd6 40. axb6 axb6 41. Qa4 Qc6 42. Qa7 Re6 43. Qb8+ Ke7 44. Qa7+ Kf8 45. Qb8+ Qe8 46. Qxb6 Rxb6 47. Rxe8+ Kxe8 0-1

[Event "Karl Mala Memorial op 08th"]
[Site "Frankfurt"]
[Date "2004.07.22"]
[Round "1"]
[White "Dittmann, Moritz"]
[Black "McAdam, Mark"]
[Result "0-1"]
[WhiteElo "1569"]
[BlackElo "1836"]
[PlyCount "20"]
[EventDate "2004.07.22"]
[EventType "swiss"]
[EventRounds "7"]
[EventCountry "GER"]
[SourceTitle "EXT 2005"]
[Source "ChessBase"]
[SourceDate "2004.11.15"]
[SourceVersion "1"]
[SourceVersionDate "2004.11.15"]
[SourceQuality "1"]

1. e4 c5 2. Nf3 Nc6 3. d4 cxd4 4. Nxd4 Nf6 5. Nc3 e6 6. Bc4 Bb4 7. f3 d5 8. exd5 Nxd5 9. Nde2 0-0 10. Bd2 Qh4+ 0-1